Loading...
| History - European | 0 | 5 | 0 | 0 | 50 | 39 | 54.20 | 0 | 1 | 0.00 | 0.00 |
| History - World | 0 | 4 | 0 | 0 | 40 | 61 | 72.75 | 0 | 1 | 0.00 | 0.00 |
| History - Other | 0 | 4 | 1 | 1 | 35 | 23 | 67.50 | 1 | 1 | 0.00 | 0.00 |
| Geography | 0 | 3 | 0 | 0 | 30 | 69 | 87.67 | 0 | 1 | 0.00 | 0.00 |
| History - American | 0 | 2 | 0 | 1 | 20 | 82 | 103.50 | 1 | 1 | 0.00 | 0.00 |
| Science - Other | 0 | 2 | 0 | 0 | 20 | 95 | 104.00 | 0 | 0 | 0.00 | 0.00 |
| Science - Chemistry | 0 | 2 | 0 | 0 | 20 | 75 | 91.00 | 0 | 0 | 0.00 | 0.00 |
| Social Science | 0 | 2 | 0 | 0 | 20 | 62 | 83.00 | 0 | 1 | 0.00 | 0.00 |
| Philosophy | 0 | 2 | 0 | 0 | 20 | 63 | 80.50 | 0 | 0 | 0.00 | 0.00 |
| Fine Arts - Painting and Sculpture | 0 | 2 | 0 | 0 | 20 | 100 | 102.00 | 0 | 0 | 0.00 | 0.00 |
| Literature - European | 0 | 1 | 0 | 0 | 10 | 85 | 85.00 | 0 | 0 | 0.00 | 0.00 |
| Religion | 0 | 1 | 0 | 0 | 10 | 63 | 63.00 | 0 | 1 | 0.00 | 0.00 |
| Science - Biology | 0 | 1 | 0 | 0 | 10 | 81 | 81.00 | 0 | 0 | 0.00 | 0.00 |
| Science - Physics | 0 | 0 | 0 | 0 | 0 | 0.00 | 0 | 0 | 0.00 | 0.00 | |
| Current Events | 0 | 0 | 1 | 0 | -5 | 0.00 | 0 | 0 | 0.00 | 0.00 |